| 000 | 00714nam a22002295i 4500 | ||
|---|---|---|---|
| 001 | 155540 | ||
| 003 | ES-MaACL | ||
| 005 | 20260616130211.0 | ||
| 008 | 040726b1927 gw |||| | ger d | ||
| 040 |
_aCAM _bspa _cCAM |
||
| 080 | _a821.14-13"-08" | ||
| 100 | 0 |
_aHomero _964112 |
|
| 240 | 1 | 3 |
_aLa Odiesea. _lAlemán |
| 245 | 1 | 0 |
_aOdysse / _cHomerus ; Von Johann Heinrich Voss. |
| 260 |
_aLeipzig : _bPhilipp Reclam., _c[1927?] |
||
| 300 |
_a327 p. ; _c14 cm. |
||
| 490 | 1 |
_aHomers Werke / von Johann Heinrich Voss ; _v2 |
|
| 595 | _aAbdr. der 1. Ausg. | ||
| 830 | 0 |
_aHomers Werke / von Johann Heinrich Voss ; _v2 _9221573 |
|
| 852 |
_aES-MaACL _jE-1243 _z-- Enc. editorial en tela |
||
| 999 |
_c155540 _d155540 |
||